[Event "European Individual Chess Championship 2017"]
[Site "Minsk"]
[Date "2017.06.08"]
[Round "9.1"]
[White "Howell, David W L"]
[Black "Demchenko, Anton"]
[Result "1/2-1/2"]
[BlackElo "2629"]
[WhiteElo "2684"]
[LiveChessVersion "1.4.8"]

1. e4 {[%clk 1:28:36]} c5 {[%clk 1:29:51]} 2. c3 {[%clk 1:28:32]} Nf6
{[%clk 1:29:39]} 3. e5 {[%clk 1:28:54]} Nd5 {[%clk 1:30:05]} 4. Nf3
{[%clk 1:29:15]} e6 {[%clk 1:29:15]} 5. d4 {[%clk 1:27:40]} cxd4 {[%clk 1:29:28]}
6. cxd4 {[%clk 1:28:03]} b6 {[%clk 1:28:26]} 7. Bc4 {[%clk 1:28:24]} Ba6
{[%clk 1:28:51]} 8. Bxa6 {[%clk 0:56:11]} Nxa6 {[%clk 1:29:16]} 9. O-O
{[%clk 0:56:28]} Be7 {[%clk 1:29:00]} 10. Nbd2 {[%clk 0:56:43]} O-O
{[%clk 1:27:26]} 11. Ne4 {[%clk 0:57:03]} Nac7 {[%clk 1:24:23]} 12. Bd2
{[%clk 0:51:43]} f5 {[%clk 1:14:04]} 13. exf6 {[%clk 0:50:26]} 1/2-1/2

[Event "European Individual Chess Championship 2017"]
[Site "Minsk"]
[Date "2017.06.08"]
[Round "9.2"]
[White "Cheparinov, Ivan"]
[Black "Matlakov, Maxim"]
[Result "0-1"]
[BlackElo "2714"]
[WhiteElo "2688"]
[LiveChessVersion "1.4.8"]

1. d4 {[%clk 1:30:57]} Nf6 {[%clk 1:30:47]} 2. c4 {[%clk 1:31:21]} e6
{[%clk 1:31:10]} 3. Nf3 {[%clk 1:31:46]} d5 {[%clk 1:31:25]} 4. g3
{[%clk 1:32:10]} Bb4+ {[%clk 1:31:32]} 5. Bd2 {[%clk 1:32:33]} Be7
{[%clk 1:31:57]} 6. Bg2 {[%clk 1:32:59]} O-O {[%clk 1:32:12]} 7. O-O
{[%clk 1:33:22]} Nbd7 {[%clk 1:32:37]} 8. a4 {[%clk 1:33:34]} a5 {[%clk 1:32:17]}
9. Qc2 {[%clk 1:33:55]} c6 {[%clk 1:31:00]} 10. Na3 {[%clk 1:34:17]} Ne4
{[%clk 1:26:28]} 11. Be3 {[%clk 1:33:28]} Bd6 {[%clk 1:18:58]} 12. Ne1
{[%clk 1:33:10]} f5 {[%clk 1:16:53]} 13. Nd3 {[%clk 1:33:00]} Qe7
{[%clk 1:14:30]} 14. f3 {[%clk 1:22:09]} Nef6 {[%clk 1:08:57]} 15. Bf4
{[%clk 1:22:21]} e5 {[%clk 1:02:29]} 16. dxe5 {[%clk 1:22:34]} Nxe5
{[%clk 1:02:41]} 17. Kh1 {[%clk 0:56:52]} Nxd3 {[%clk 0:56:43]} 18. Bxd6
{[%clk 0:57:17]} Qxd6 {[%clk 0:57:05]} 19. Qxd3 {[%clk 0:57:21]} f4
{[%clk 0:56:50]} 20. gxf4 {[%clk 0:48:18]} Qxf4 {[%clk 0:56:12]} 21. e3
{[%clk 0:48:47]} Qh4 {[%clk 0:45:36]} 22. Qd4 {[%clk 0:48:00]} Qxd4
{[%clk 0:43:41]} 23. exd4 {[%clk 0:48:26]} Be6 {[%clk 0:25:02]} 24. Rfe1
{[%clk 0:46:37]} Rae8 {[%clk 0:24:56]} 25. b3 {[%clk 0:42:50]} Nh5
{[%clk 0:23:48]} 26. Kg1 {[%clk 0:41:30]} Nf4 {[%clk 0:22:08]} 27. Bf1
{[%clk 0:39:27]} Rf6 {[%clk 0:21:52]} 28. cxd5 {[%clk 0:30:28]} cxd5
{[%clk 0:22:03]} 29. Nb5 {[%clk 0:23:39]} Ref8 {[%clk 0:21:00]} 30. Ra2
{[%clk 0:22:34]} Nh3+ {[%clk 0:14:37]} 31. Kh1 {[%clk 0:22:55]} Rxf3
{[%clk 0:13:51]} 32. Bg2 {[%clk 0:22:24]} Bg4 {[%clk 0:14:03]} 33. Raa1
{[%clk 0:17:19]} Nf2+ {[%clk 0:12:57]} 34. Kg1 {[%clk 0:17:48]} Nh3+
{[%clk 0:13:21]} 35. Kh1 {[%clk 0:18:14]} h5 {[%clk 0:12:31]} 36. Re5
{[%clk 0:09:38]} Kh7 {[%clk 0:08:43]} 37. Nc7 {[%clk 0:10:00]} Rxb3
{[%clk 0:04:12]} 38. Nxd5 {[%clk 0:10:16]} Rf2 {[%clk 0:03:34]} 39. Ne3
{[%clk 0:06:28]} Nf4 {[%clk 0:03:08]} 40. Be4+ {[%clk 0:31:34]} Kh6
{[%clk 0:32:44]} 41. Nxg4+ {[%clk 0:27:41]} hxg4 {[%clk 0:32:54]} 42. Rg1
{[%clk 0:27:16]} Rh3 {[%clk 0:31:51]} 0-1

[Event "European Individual Chess Championship 2017"]
[Site "Minsk"]
[Date "2017.06.08"]
[Round "9.3"]
[White "Jones, Gawain C B"]
[Black "Jobava, Baadur"]
[Result "0-1"]
[BlackElo "2713"]
[WhiteElo "2654"]
[LiveChessVersion "1.4.8"]

1. c4 {[%clk 1:29:17]} c6 {[%clk 1:30:01]} 2. Nf3 {[%clk 1:28:55]} d5
{[%clk 1:30:25]} 3. g3 {[%clk 1:29:20]} dxc4 {[%clk 1:28:33]} 4. Bg2
{[%clk 1:29:10]} Nd7 {[%clk 1:24:46]} 5. Na3 {[%clk 1:18:02]} e5 {[%clk 1:24:42]}
6. Qc2 {[%clk 1:11:49]} b5 {[%clk 1:16:10]} 7. O-O {[%clk 1:05:43]} Ngf6
{[%clk 1:09:16]} 8. b3 {[%clk 1:02:34]} Bc5 {[%clk 1:01:12]} 9. bxc4
{[%clk 1:00:02]} b4 {[%clk 0:55:27]} 10. Nb1 {[%clk 1:00:24]} e4 {[%clk 0:47:55]}
11. Ng5 {[%clk 0:53:45]} Bd4 {[%clk 0:47:40]} 12. Bb2 {[%clk 0:54:09]} Nc5
{[%clk 0:48:06]} 13. Nxe4 {[%clk 0:48:46]} Nfxe4 {[%clk 0:47:35]} 14. Bxe4
{[%clk 0:45:35]} O-O {[%clk 0:48:00]} 15. d3 {[%clk 0:38:22]} Nxe4
{[%clk 0:46:29]} 16. dxe4 {[%clk 0:38:45]} Bh3 {[%clk 0:46:54]} 17. Re1
{[%clk 0:34:54]} f5 {[%clk 0:46:05]} 18. e3 {[%clk 0:26:26]} Bxb2
{[%clk 0:44:49]} 19. Qxb2 {[%clk 0:26:51]} fxe4 {[%clk 0:44:35]} 20. Nd2
{[%clk 0:26:23]} Qe7 {[%clk 0:42:19]} 21. Nb3 {[%clk 0:21:28]} Rf6
{[%clk 0:38:04]} 22. c5 {[%clk 0:19:06]} Raf8 {[%clk 0:37:46]} 23. Rac1
{[%clk 0:17:35]} Rxf2 {[%clk 0:37:29]} 24. Qxf2 {[%clk 0:18:02]} Rxf2
{[%clk 0:37:56]} 25. Kxf2 {[%clk 0:18:24]} Qf6+ {[%clk 0:38:25]} 0-1

[Event "European Individual Chess Championship 2017"]
[Site "Minsk"]
[Date "2017.06.08"]
[Round "9.4"]
[White "Rodshtein, Maxim"]
[Black "Shimanov, Aleksandr"]
[Result "1/2-1/2"]
[BlackElo "2642"]
[WhiteElo "2698"]
[LiveChessVersion "1.4.8"]

1. d4 {[%clk 1:30:54]} Nf6 {[%clk 1:30:46]} 2. c4 {[%clk 1:31:17]} e6
{[%clk 1:31:11]} 3. g3 {[%clk 1:31:34]} d5 {[%clk 1:31:25]} 4. Bg2
{[%clk 1:31:53]} Be7 {[%clk 1:31:49]} 5. Nf3 {[%clk 1:32:17]} O-O
{[%clk 1:32:13]} 6. O-O {[%clk 1:32:28]} Nbd7 {[%clk 1:32:21]} 7. b3
{[%clk 1:26:31]} dxc4 {[%clk 1:32:16]} 8. bxc4 {[%clk 1:26:55]} c5
{[%clk 1:32:42]} 9. e3 {[%clk 1:26:04]} Qc7 {[%clk 1:33:06]} 10. Qb3
{[%clk 1:11:44]} b6 {[%clk 1:33:17]} 11. Bb2 {[%clk 1:10:06]} Bb7
{[%clk 1:32:57]} 12. a4 {[%clk 1:02:15]} Rac8 {[%clk 1:29:04]} 13. Na3
{[%clk 0:56:29]} Bc6 {[%clk 1:27:18]} 1/2-1/2

[Event "European Individual Chess Championship 2017"]
[Site "Minsk"]
[Date "2017.06.08"]
[Round "9.5"]
[White "Tomashevsky, Evgeny"]
[Black "Salgado Lopez, Ivan"]
[Result "1/2-1/2"]
[BlackElo "2627"]
[WhiteElo "2696"]
[LiveChessVersion "1.4.8"]

1. d4 {[%clk 1:30:56]} Nf6 {[%clk 1:30:53]} 2. c4 {[%clk 1:31:21]} g6
{[%clk 1:31:17]} 3. Nc3 {[%clk 1:31:46]} d5 {[%clk 1:31:39]} 4. Bg5
{[%clk 1:32:11]} Ne4 {[%clk 1:31:39]} 5. h4 {[%clk 1:32:34]} Bg7 {[%clk 1:28:51]}
6. e3 {[%clk 1:32:25]} c5 {[%clk 1:25:40]} 7. cxd5 {[%clk 1:31:45]} Nxc3
{[%clk 1:24:47]} 8. bxc3 {[%clk 1:32:10]} Qxd5 {[%clk 1:24:59]} 9. Qf3
{[%clk 1:32:32]} Qxf3 {[%clk 1:19:33]} 10. Nxf3 {[%clk 1:32:41]} Bf5
{[%clk 1:19:56]} 11. Bc4 {[%clk 1:31:25]} Nc6 {[%clk 1:11:17]} 12. O-O
{[%clk 1:15:49]} Rc8 {[%clk 1:08:35]} 13. Rac1 {[%clk 1:08:53]} Na5
{[%clk 1:02:33]} 14. Be2 {[%clk 1:01:02]} Be6 {[%clk 1:00:17]} 15. e4
{[%clk 0:56:29]} Bc4 {[%clk 0:59:20]} 1/2-1/2

[Event "European Individual Chess Championship 2017"]
[Site "Minsk"]
[Date "2017.06.08"]
[Round "9.6"]
[White "Romanov, Evgeny"]
[Black "Artemiev, Vladislav"]
[Result "1/2-1/2"]
[BlackElo "2682"]
[WhiteElo "2636"]
[LiveChessVersion "1.4.8"]

1. c4 {[%clk 1:30:56]} e5 {[%clk 1:30:28]} 2. Nc3 {[%clk 1:31:18]} Nf6
{[%clk 1:30:39]} 3. Nf3 {[%clk 1:31:36]} Nc6 {[%clk 1:30:48]} 4. g3
{[%clk 1:31:59]} g6 {[%clk 1:30:44]} 5. d4 {[%clk 1:31:22]} exd4 {[%clk 1:30:51]}
6. Nxd4 {[%clk 1:31:47]} Bg7 {[%clk 1:31:06]} 7. Nxc6 {[%clk 1:28:14]} dxc6
{[%clk 1:31:08]} 8. Qxd8+ {[%clk 1:23:37]} Kxd8 {[%clk 1:31:29]} 9. Bg5
{[%clk 1:23:20]} Be6 {[%clk 1:30:27]} 10. Ne4 {[%clk 1:14:00]} Ke7
{[%clk 1:30:28]} 11. e3 {[%clk 1:14:21]} Rhd8 {[%clk 1:20:02]} 12. f3
{[%clk 1:04:32]} a5 {[%clk 1:15:08]} 13. h4 {[%clk 1:03:41]} h6 {[%clk 1:09:31]}
14. Bxf6+ {[%clk 1:01:22]} Bxf6 {[%clk 1:09:52]} 15. Nxf6 {[%clk 1:01:48]} Kxf6
{[%clk 1:10:09]} 16. Rh2 {[%clk 1:02:07]} Rd6 {[%clk 1:04:12]} 17. Rd2
{[%clk 0:59:23]} Rxd2 {[%clk 0:53:04]} 18. Kxd2 {[%clk 0:59:43]} g5
{[%clk 0:53:29]} 19. hxg5+ {[%clk 0:53:32]} hxg5 {[%clk 0:52:26]} 20. g4
{[%clk 0:53:45]} Rh8 {[%clk 0:48:33]} 21. Bd3 {[%clk 0:53:34]} Ke5
{[%clk 0:37:54]} 22. Rf1 {[%clk 0:52:13]} Kd6 {[%clk 0:36:03]} 23. a4
{[%clk 0:43:27]} Kc5 {[%clk 0:32:54]} 24. Kc3 {[%clk 0:43:50]} Rh2
{[%clk 0:30:17]} 25. b3 {[%clk 0:43:30]} Rh4 {[%clk 0:28:53]} 1/2-1/2

[Event "European Individual Chess Championship 2017"]
[Site "Minsk"]
[Date "2017.06.08"]
[Round "9.7"]
[White "Motylev, Alexander"]
[Black "Fridman, Daniel"]
[Result "1/2-1/2"]
[BlackElo "2605"]
[WhiteElo "2665"]
[LiveChessVersion "1.4.8"]

1. e4 {[%clk 1:30:56]} e5 {[%clk 1:30:55]} 2. Bc4 {[%clk 1:31:09]} Nf6
{[%clk 1:31:17]} 3. d3 {[%clk 1:31:35]} c6 {[%clk 1:31:42]} 4. Nf3
{[%clk 1:31:48]} d5 {[%clk 1:32:07]} 5. Bb3 {[%clk 1:32:11]} Bd6 {[%clk 1:32:33]}
6. Nc3 {[%clk 1:32:24]} dxe4 {[%clk 1:32:53]} 7. Ng5 {[%clk 1:32:33]} O-O
{[%clk 1:33:11]} 8. Ngxe4 {[%clk 1:32:49]} Nxe4 {[%clk 1:33:30]} 9. Nxe4
{[%clk 1:33:09]} Bf5 {[%clk 1:33:54]} 10. Qf3 {[%clk 1:33:23]} Bxe4
{[%clk 1:34:17]} 11. dxe4 {[%clk 1:33:49]} Nd7 {[%clk 1:31:05]} 12. a3
{[%clk 1:33:24]} Nc5 {[%clk 1:22:24]} 13. Ba2 {[%clk 1:33:17]} Qh4
{[%clk 1:05:50]} 14. Be3 {[%clk 1:32:35]} b6 {[%clk 1:06:07]} 15. O-O-O
{[%clk 1:28:15]} Rad8 {[%clk 1:04:07]} 16. g4 {[%clk 1:17:47]} Qe7
{[%clk 0:58:57]} 17. h4 {[%clk 1:13:02]} Ne6 {[%clk 0:58:06]} 18. Kb1
{[%clk 1:10:43]} Bc5 {[%clk 0:54:28]} 19. Bxe6 {[%clk 0:59:15]} fxe6
{[%clk 0:49:31]} 20. Qg3 {[%clk 0:44:23]} Bxe3 {[%clk 0:44:03]} 21. fxe3
{[%clk 0:39:09]} 1/2-1/2

[Event "European Individual Chess Championship 2017"]
[Site "Minsk"]
[Date "2017.06.08"]
[Round "9.8"]
[White "Mikaelyan, Arman"]
[Black "Anton Guijarro, David"]
[Result "1-0"]
[BlackElo "2660"]
[WhiteElo "2444"]
[LiveChessVersion "1.4.8"]

1. d4 {[%clk 1:30:56]} f5 {[%clk 1:30:49]} 2. Bf4 {[%clk 1:31:14]} Nf6
{[%clk 1:30:28]} 3. e3 {[%clk 1:31:29]} e6 {[%clk 1:24:36]} 4. Be2
{[%clk 1:27:13]} b6 {[%clk 1:23:14]} 5. Bh5+ {[%clk 1:19:05]} g6 {[%clk 1:22:51]}
6. Bf3 {[%clk 1:19:27]} d5 {[%clk 1:20:51]} 7. c4 {[%clk 1:13:54]} Bd6
{[%clk 1:01:22]} 8. Ne2 {[%clk 1:06:50]} c6 {[%clk 0:58:42]} 9. Nd2
{[%clk 0:58:16]} O-O {[%clk 0:56:03]} 10. Rc1 {[%clk 0:57:19]} Bb7
{[%clk 0:55:35]} 11. h4 {[%clk 0:50:02]} Ne4 {[%clk 0:49:36]} 12. Bxe4
{[%clk 0:47:05]} fxe4 {[%clk 0:49:53]} 13. Bg5 {[%clk 0:25:52]} Qe8
{[%clk 0:42:27]} 14. Nf4 {[%clk 0:25:00]} Rf5 {[%clk 0:41:05]} 15. Qg4
{[%clk 0:22:57]} h5 {[%clk 0:39:29]} 16. Qh3 {[%clk 0:21:28]} Bxf4
{[%clk 0:35:41]} 17. Bxf4 {[%clk 0:21:21]} Nd7 {[%clk 0:35:45]} 18. O-O
{[%clk 0:15:45]} c5 {[%clk 0:34:22]} 19. cxd5 {[%clk 0:15:20]} exd5
{[%clk 0:33:41]} 20. dxc5 {[%clk 0:15:22]} bxc5 {[%clk 0:30:31]} 21. Rfd1
{[%clk 0:15:12]} Ba6 {[%clk 0:25:24]} 22. b4 {[%clk 0:11:00]} d4 {[%clk 0:22:35]}
23. Qg3 {[%clk 0:08:32]} Be2 {[%clk 0:17:48]} 24. Re1 {[%clk 0:05:39]} d3
{[%clk 0:17:42]} 25. Rc4 {[%clk 0:06:02]} cxb4 {[%clk 0:12:35]} 26. Rxe4
{[%clk 0:05:44]} Qf7 {[%clk 0:12:58]} 27. Rc1 {[%clk 0:05:48]} Rc5
{[%clk 0:12:44]} 28. Rxc5 {[%clk 0:04:56]} Nxc5 {[%clk 0:13:12]} 29. Rxb4
{[%clk 0:05:08]} Rc8 {[%clk 0:12:30]} 30. Kh2 {[%clk 0:04:58]} Bg4
{[%clk 0:09:40]} 31. f3 {[%clk 0:04:49]} Bf5 {[%clk 0:09:56]} 32. Rc4
{[%clk 0:04:20]} Kh7 {[%clk 0:08:13]} 33. Qg5 {[%clk 0:04:22]} Qg7
{[%clk 0:07:51]} 34. Qg3 {[%clk 0:02:01]} Qb2 {[%clk 0:07:34]} 35. Be5
{[%clk 0:01:20]} Qb7 {[%clk 0:05:33]} 36. a3 {[%clk 0:00:55]} a5 {[%clk 0:05:05]}
37. e4 {[%clk 0:01:03]} Bd7 {[%clk 0:03:56]} 38. Qf4 {[%clk 0:01:17]} Bb5
{[%clk 0:02:28]} 39. Rc3 {[%clk 0:01:38]} Ne6 {[%clk 0:01:57]} 40. Rxc8
{[%clk 0:31:26]} Qxc8 {[%clk 0:32:21]} 41. Qf7+ {[%clk 0:31:40]} Kh6
{[%clk 0:32:50]} 42. g4 {[%clk 0:29:02]} hxg4 {[%clk 0:32:48]} 43. fxg4
{[%clk 0:29:29]} Qf8 {[%clk 0:29:54]} 44. Bf4+ {[%clk 0:29:49]} 1-0

[Event "European Individual Chess Championship 2017"]
[Site "Minsk"]
[Date "2017.06.08"]
[Round "9.9"]
[White "Aleksandrov, Aleksej"]
[Black "Dubov, Daniil"]
[Result "1/2-1/2"]
[BlackElo "2660"]
[WhiteElo "2559"]
[LiveChessVersion "1.4.8"]

1. d4 {[%clk 1:30:31]} Nf6 {[%clk 1:30:52]} 2. c4 {[%clk 1:30:56]} g6
{[%clk 1:31:15]} 3. Nc3 {[%clk 1:31:21]} d5 {[%clk 1:31:39]} 4. Bg5
{[%clk 1:31:25]} c5 {[%clk 1:31:55]} 5. Bxf6 {[%clk 1:31:38]} exf6
{[%clk 1:32:20]} 6. cxd5 {[%clk 1:31:55]} Qb6 {[%clk 1:32:40]} 7. e3
{[%clk 1:32:11]} cxd4 {[%clk 1:32:56]} 8. Qxd4 {[%clk 1:32:29]} Qxd4
{[%clk 1:33:17]} 9. exd4 {[%clk 1:32:52]} Bg7 {[%clk 1:33:15]} 10. Nf3
{[%clk 1:11:45]} O-O {[%clk 1:33:32]} 11. Be2 {[%clk 1:12:11]} Rd8
{[%clk 1:29:45]} 12. O-O {[%clk 0:58:59]} Nd7 {[%clk 1:27:18]} 13. Bc4
{[%clk 0:54:44]} Nb6 {[%clk 1:24:37]} 14. Bb3 {[%clk 0:55:09]} Bf5
{[%clk 1:20:25]} 15. Rfe1 {[%clk 0:48:46]} Kf8 {[%clk 1:12:51]} 16. Nd2
{[%clk 0:40:39]} Rac8 {[%clk 1:09:31]} 17. Rad1 {[%clk 0:36:40]} Bd3
{[%clk 1:01:42]} 18. Nde4 {[%clk 0:34:07]} Bxe4 {[%clk 0:59:20]} 19. Rxe4
{[%clk 0:34:13]} Nc4 {[%clk 0:54:44]} 20. Bxc4 {[%clk 0:34:04]} f5
{[%clk 0:54:15]} 21. Rh4 {[%clk 0:27:48]} Rxc4 {[%clk 0:54:01]} 22. Rxh7
{[%clk 0:28:15]} b5 {[%clk 0:38:28]} 23. a3 {[%clk 0:28:18]} b4 {[%clk 0:33:15]}
24. axb4 {[%clk 0:28:39]} Rxb4 {[%clk 0:33:39]} 25. Rd2 {[%clk 0:29:01]} Rdb8
{[%clk 0:31:04]} 26. Nd1 {[%clk 0:28:14]} Rxd4 {[%clk 0:30:23]} 27. Rxd4
{[%clk 0:28:23]} Bxd4 {[%clk 0:30:47]} 28. Kf1 {[%clk 0:26:30]} Rb5
{[%clk 0:23:29]} 29. Rh3 {[%clk 0:26:43]} Ke7 {[%clk 0:22:35]} 30. Rd3
{[%clk 0:23:56]} Bxb2 1/2-1/2

[Event "European Individual Chess Championship 2017"]
[Site "Minsk"]
[Date "2017.06.08"]
[Round "9.10"]
[White "Navara, David"]
[Black "Ivanisevic, Ivan"]
[Result "1-0"]
[BlackElo "2638"]
[WhiteElo "2739"]
[LiveChessVersion "1.4.8"]

1. d4 {[%clk 1:30:56]} Nf6 {[%clk 1:30:54]} 2. c4 {[%clk 1:31:21]} e6
{[%clk 1:31:21]} 3. Nc3 {[%clk 1:31:45]} Bb4 {[%clk 1:31:46]} 4. e3
{[%clk 1:32:06]} O-O {[%clk 1:31:05]} 5. Bd3 {[%clk 1:32:21]} d5 {[%clk 1:31:28]}
6. Nf3 {[%clk 1:32:41]} Nc6 {[%clk 1:31:37]} 7. O-O {[%clk 1:32:49]} dxc4
{[%clk 1:32:01]} 8. Bxc4 {[%clk 1:33:10]} Bd6 {[%clk 1:32:28]} 9. Bb5
{[%clk 1:33:15]} e5 {[%clk 1:32:41]} 10. Bxc6 {[%clk 1:33:17]} exd4
{[%clk 1:33:06]} 11. exd4 {[%clk 1:33:36]} bxc6 {[%clk 1:33:30]} 12. Bg5
{[%clk 1:33:51]} h6 {[%clk 1:33:53]} 13. Bh4 {[%clk 1:34:14]} Re8
{[%clk 1:33:00]} 14. Re1 {[%clk 1:22:20]} Rxe1+ {[%clk 1:28:30]} 15. Qxe1
{[%clk 1:22:34]} g5 {[%clk 1:28:55]} 16. Bg3 {[%clk 1:22:56]} Bf5
{[%clk 1:29:01]} 17. Ne5 {[%clk 1:19:36]} Qe8 {[%clk 1:21:29]} 18. Rc1
{[%clk 1:06:35]} Nh5 {[%clk 1:14:36]} 19. Na4 {[%clk 0:59:01]} Qe6
{[%clk 1:07:51]} 20. b3 {[%clk 0:43:26]} Re8 {[%clk 1:07:07]} 21. Qc3
{[%clk 0:41:17]} Qd5 {[%clk 0:45:05]} 22. Qxc6 {[%clk 0:39:38]} Qxc6
{[%clk 0:45:24]} 23. Nxc6 {[%clk 0:39:50]} Nf4 {[%clk 0:42:06]} 24. Bxf4
{[%clk 0:39:13]} Bxf4 {[%clk 0:42:10]} 25. Ra1 {[%clk 0:31:54]} Bd7
{[%clk 0:41:07]} 26. Nb4 {[%clk 0:30:21]} Bxa4 {[%clk 0:32:37]} 27. bxa4
{[%clk 0:30:35]} Bd6 {[%clk 0:32:55]} 28. Nc6 {[%clk 0:30:27]} f5
{[%clk 0:29:14]} 29. Kf1 {[%clk 0:28:21]} Kf7 {[%clk 0:28:37]} 30. Rb1
{[%clk 0:20:10]} a6 {[%clk 0:28:23]} 31. a5 {[%clk 0:16:54]} Re4 {[%clk 0:23:05]}
32. Rb8 {[%clk 0:13:54]} Ke6 {[%clk 0:22:23]} 33. Ra8 {[%clk 0:12:15]} Kd5
{[%clk 0:21:39]} 34. Rxa6 {[%clk 0:12:34]} g4 {[%clk 0:19:41]} 35. g3
{[%clk 0:08:26]} h5 {[%clk 0:17:40]} 36. a3 {[%clk 0:04:17]} f4 {[%clk 0:09:18]}
37. gxf4 {[%clk 0:04:35]} Rxf4 {[%clk 0:09:09]} 38. Nb4+ {[%clk 0:05:00]} Kc4
{[%clk 0:05:45]} 39. Ra8 {[%clk 0:03:03]} Rf3 {[%clk 0:05:16]} 40. Nc2
{[%clk 0:32:15]} Kb5 {[%clk 0:33:09]} 41. a6 {[%clk 0:27:03]} Rc3
{[%clk 0:24:43]} 42. a4+ {[%clk 0:20:42]} Ka5 {[%clk 0:20:30]} 43. Ne3
{[%clk 0:20:59]} Bxh2 {[%clk 0:15:28]} 44. Ke2 {[%clk 0:18:36]} Bd6
{[%clk 0:14:42]} 45. Kd2 {[%clk 0:18:16]} Rc6 {[%clk 0:12:14]} 46. Kd3
{[%clk 0:05:13]} Kxa4 {[%clk 0:06:12]} 47. d5 {[%clk 0:02:26]} Rb6
{[%clk 0:05:10]} 48. Nc4 {[%clk 0:02:13]} Rb5 {[%clk 0:04:12]} 49. Rc8
{[%clk 0:01:25]} Bc5 {[%clk 0:02:57]} 50. d6 {[%clk 0:00:52]} Bxf2
{[%clk 0:01:43]} 51. dxc7 {[%clk 0:01:05]} g3 {[%clk 0:01:22]} 52. Rg8
{[%clk 0:01:15]} Rc5 {[%clk 0:00:39]} 53. a7 {[%clk 0:01:40]} 1-0

[Event "European Individual Chess Championship 2017"]
[Site "Minsk"]
[Date "2017.06.08"]
[Round "9.11"]
[White "Andreikin, Dmitry"]
[Black "Maze, Sebastien"]
[Result "1/2-1/2"]
[BlackElo "2619"]
[WhiteElo "2723"]
[LiveChessVersion "1.4.8"]

1. d4 {[%clk 1:30:50]} Nf6 {[%clk 1:30:45]} 2. c4 {[%clk 1:31:07]} g6
{[%clk 1:31:09]} 3. Nc3 {[%clk 1:31:30]} Bg7 {[%clk 1:31:36]} 4. e4
{[%clk 1:31:49]} d6 {[%clk 1:31:58]} 5. h3 {[%clk 1:30:37]} O-O {[%clk 1:30:45]}
6. Be3 {[%clk 1:29:36]} c5 {[%clk 1:31:05]} 7. Nf3 {[%clk 1:29:40]} cxd4
{[%clk 1:31:31]} 8. Nxd4 {[%clk 1:30:02]} b6 {[%clk 1:31:59]} 9. g3
{[%clk 1:26:10]} Bb7 {[%clk 1:27:09]} 10. Bg2 {[%clk 1:26:33]} Nbd7
{[%clk 1:18:12]} 11. O-O {[%clk 1:26:53]} Rb8 {[%clk 1:17:34]} 12. Re1
{[%clk 1:26:22]} a6 {[%clk 1:16:54]} 13. Rc1 {[%clk 1:15:47]} e6 {[%clk 1:11:33]}
14. Qd2 {[%clk 1:09:17]} Qe7 {[%clk 1:10:57]} 15. b3 {[%clk 1:09:27]} Nc5
{[%clk 1:07:41]} 16. Qc2 {[%clk 1:07:03]} Rfc8 {[%clk 1:06:43]} 17. Qb1
{[%clk 1:07:04]} h5 {[%clk 0:57:37]} 18. Rcd1 {[%clk 1:06:16]} Qf8
{[%clk 0:56:15]} 19. Nde2 {[%clk 1:04:50]} Bc6 {[%clk 0:49:50]} 20. a4
{[%clk 0:58:47]} Ne8 {[%clk 0:35:40]} 21. Nd4 {[%clk 0:54:27]} Ba8
{[%clk 0:35:53]} 22. Rc1 {[%clk 0:54:11]} Bh6 {[%clk 0:34:40]} 23. Rcd1
{[%clk 0:51:36]} Bg7 {[%clk 0:30:22]} 24. Rc1 {[%clk 0:44:22]} Bh6
{[%clk 0:30:25]} 25. Bxh6 {[%clk 0:43:18]} Qxh6 {[%clk 0:30:53]} 26. Rcd1
{[%clk 0:43:29]} h4 {[%clk 0:30:01]} 27. g4 {[%clk 0:43:37]} e5 {[%clk 0:28:50]}
28. Nde2 {[%clk 0:42:04]} Ne6 {[%clk 0:29:00]} 29. Qc1 {[%clk 0:35:18]} Qxc1
{[%clk 0:28:25]} 30. Nxc1 {[%clk 0:35:42]} 1/2-1/2

[Event "European Individual Chess Championship 2017"]
[Site "Minsk"]
[Date "2017.06.08"]
[Round "9.12"]
[White "Kuzubov, Yuriy"]
[Black "Jakovenko, Dmitry"]
[Result "1/2-1/2"]
[BlackElo "2718"]
[WhiteElo "2637"]
[LiveChessVersion "1.4.8"]

1. d4 {[%clk 1:30:56]} Nf6 {[%clk 1:26:32]} 2. c4 {[%clk 1:31:12]} e6
{[%clk 1:26:59]} 3. g3 {[%clk 1:31:35]} d5 {[%clk 1:27:25]} 4. Nf3
{[%clk 1:31:53]} Bb4+ {[%clk 1:27:52]} 5. Bd2 {[%clk 1:32:15]} Be7
{[%clk 1:28:18]} 6. Bg2 {[%clk 1:32:39]} O-O {[%clk 1:28:45]} 7. O-O
{[%clk 1:32:54]} c6 {[%clk 1:28:21]} 8. Qc2 {[%clk 1:33:15]} Nbd7
{[%clk 1:28:44]} 9. Rd1 {[%clk 1:32:17]} b6 {[%clk 1:29:05]} 10. Bf4
{[%clk 1:32:05]} Bb7 {[%clk 1:29:25]} 11. Ne5 {[%clk 1:31:13]} Nh5
{[%clk 1:25:40]} 12. Bd2 {[%clk 1:29:01]} Nhf6 {[%clk 1:26:05]} 13. cxd5
{[%clk 1:27:42]} cxd5 {[%clk 1:26:29]} 14. Nc6 {[%clk 1:28:03]} Bxc6
{[%clk 1:26:55]} 15. Qxc6 {[%clk 1:28:28]} Qc8 {[%clk 1:27:18]} 16. Qxc8
{[%clk 1:24:08]} Raxc8 {[%clk 1:16:03]} 17. Nc3 {[%clk 1:24:31]} Ne8
{[%clk 1:16:26]} 18. e4 {[%clk 1:11:58]} dxe4 {[%clk 1:16:48]} 19. d5
{[%clk 0:53:14]} Nef6 {[%clk 1:03:19]} 20. dxe6 {[%clk 0:52:24]} fxe6
{[%clk 1:03:43]} 21. Nxe4 {[%clk 0:43:11]} Nxe4 {[%clk 1:01:17]} 22. Bxe4
{[%clk 0:43:36]} Nf6 {[%clk 1:01:32]} 23. Bd3 {[%clk 0:27:28]} Ng4
{[%clk 0:55:11]} 24. Be1 {[%clk 0:15:12]} Bc5 {[%clk 0:49:09]} 25. Rd2
{[%clk 0:15:30]} Rcd8 {[%clk 0:47:37]} 26. Rad1 {[%clk 0:12:39]} Rxd3
{[%clk 0:44:03]} 27. Rxd3 {[%clk 0:13:05]} Bxf2+ {[%clk 0:44:28]} 28. Kg2
{[%clk 0:13:23]} Ne3+ {[%clk 0:44:39]} 29. Rxe3 {[%clk 0:13:50]} Bxe3
{[%clk 0:45:05]} 30. Rd7 {[%clk 0:14:13]} Rf7 {[%clk 0:42:07]} 1/2-1/2

[Event "European Individual Chess Championship 2017"]
[Site "Minsk"]
[Date "2017.06.08"]
[Round "9.13"]
[White "Yilmaz, Mustafa"]
[Black "Ponomariov, Ruslan"]
[Result "1/2-1/2"]
[BlackElo "2712"]
[WhiteElo "2630"]
[LiveChessVersion "1.4.8"]

1. d4 {[%clk 1:30:56]} Nf6 {[%clk 1:30:41]} 2. c4 {[%clk 1:31:20]} e6
{[%clk 1:31:05]} 3. Nf3 {[%clk 1:31:46]} b6 {[%clk 1:31:12]} 4. g3
{[%clk 1:32:11]} Bb4+ {[%clk 1:31:27]} 5. Bd2 {[%clk 1:32:18]} Be7
{[%clk 1:31:23]} 6. Bg2 {[%clk 1:28:14]} c6 {[%clk 1:29:28]} 7. O-O
{[%clk 1:25:31]} d5 {[%clk 1:29:03]} 8. Qc2 {[%clk 1:22:00]} Nbd7
{[%clk 1:25:58]} 9. Rd1 {[%clk 1:14:02]} Bb7 {[%clk 1:22:15]} 10. Bf4
{[%clk 1:09:02]} Rc8 {[%clk 1:22:02]} 11. Nc3 {[%clk 1:04:03]} dxc4
{[%clk 1:17:10]} 12. Nd2 {[%clk 1:03:42]} Nd5 {[%clk 1:17:17]} 13. Nxc4
{[%clk 1:03:57]} Nxf4 {[%clk 1:17:00]} 14. gxf4 {[%clk 1:04:25]} O-O
{[%clk 1:17:12]} 15. Rac1 {[%clk 1:02:13]} Nf6 {[%clk 1:12:43]} 16. e3
{[%clk 0:59:29]} 1/2-1/2